[Event "Knights-Kemper"]
[Site "?"]
[Date "2002.02.07"]
[Round "?"]
[White "Fridman, Yuri"]
[Black "Siwek, Mark"]
[Result "1-0"]
[WhiteElo "2029"]
[BlackElo "2006"]
[PlyCount "137"]
[EventDate "2002.??.??"]

1. e4 c6 2. d4 d5 3. exd5 cxd5 4. c4 Nf6 5. Nc3 e6 6. Nf3 Be7 7. cxd5 Nxd5 8.
Bd3 Nc6 9. a3 O-O 10. O-O Bf6 11. Bc2 b6 12. Re1 Bb7 13. Ne4 Rc8 14. Nxf6+ Nxf6
15. Bg5 Ne7 16. Qd3 Nf5 17. Nh4 Qxd4 18. Nxf5 Qxd3 19. Ne7+ Kh8 20. Bxd3 Rc7
21. Bf4 Rxe7 22. Bd6 Rd7 23. Bxf8 Rxd3 24. Red1 Rxd1+ 25. Rxd1 Nd5 26. g3 Kg8
27. Bd6 g6 28. Rc1 Kg7 29. b4 Kf6 30. f4 Kf5 31. a4 a6 32. b5 a5 33. Bc7 Kf6
34. Bd8+ Kg7 35. Kf2 Kf8 36. Ke2 Ke8 37. Bc7 Kd7 38. Be5 Kd8 39. Kd3 Kd7 40.
Kd4 Kd8 41. Rc2 Kd7 42. h4 h5 43. Rc1 Kd8 44. Bg7 Kd7 45. Ke5 Ke7 46. Kd4 Kd7
47. Be5 Kd8 48. Bb8 Kd7 49. Ke5 Ke7 50. Rc2 Kd7 51. Ba7 f6+ 52. Kd4 Kd6 53.
Bb8+ Kd7 54. Rc1 Kd8 55. Rg1 Kc8 56. Bd6 Kd7 57. Ba3 Kc7 58. Bc1 f5 59. Ba3 Kd7
60. Rc1 Ba8 61. Ke5 Bb7 62. Bd6 Ba8 63. Bb8 Bb7 64. Ba7 Ke7 65. Rc2 Ba8 66. Rc8
Bb7 67. Rb8 Nc3 68. Rxb7+ Kd8 69. Bxb6+ 1-0

[Event "Kemper-Knights"]
[Site "?"]
[Date "2002.02.07"]
[Round "?"]
[White "Hughes, Norm"]
[Black "Thomson, Jim"]
[Result "0-1"]
[WhiteElo "1749"]
[BlackElo "1924"]
[PlyCount "52"]
[EventDate "2002.??.??"]

1. d4 d5 2. c4 e6 3. g3 Nf6 4. Bg2 Be7 5. Nf3 O-O 6. O-O Nbd7 7. Qc2 b6 8. Nbd2
Bb7 9. b3 Rc8 10. Bb2 c5 11. Qd1 dxc4 12. Nxc4 Qc7 13. Rc1 Rfd8 14. e3 Qb8 15.
Qe2 cxd4 16. Bxd4 Bc5 17. Rfd1 Bxd4 18. Rxd4 b5 19. Qd1 bxc4 20. bxc4 Nc5 21.
Qc2 Qa8 22. Nh4 Bxg2 23. Nxg2 Rc7 24. Qd1 Rcd7 25. Rxd7 Rxd7 26. Qe1 Nd3 0-1

[Event "Knights-Kemper"]
[Site "?"]
[Date "2002.02.07"]
[Round "?"]
[White "Balicki, Jeff"]
[Black "Mossbridge, Adam"]
[Result "0-1"]
[WhiteElo "1728"]
[BlackElo "1692"]
[PlyCount "52"]
[EventDate "2002.??.??"]

1. d4 d5 2. Nf3 Nf6 3. e3 Bf5 4. c4 e6 5. Nc3 c6 6. Qb3 6... Qc7 { } 7. Nh4 Bg6
8. Be2 Nbd7 9. Bd2 Bd6 10. f4 { } 10... Ne4 11. Nxg6 { } 11... Nxd2 12. Kxd2
12... hxg6 { } 13. h4 {too aggressive, White needs to take care of dxc, c5
threat which opens lines to his King. Here, h4 should only be played if Black
castles Kingside.} (13. cxd5 cxd5 14. Rac1 {with idea of Kc2-b1 or Nxd5!} (14.
Nb5 Qa5+)) 13... Nf6 14. Qc2 14... dxc4 { } 15. Ne4 (15. Bxc4 c5) 15... Bb4+
16. Nc3 16... O-O-O { Black is ready to force open lines, between the hanging
h-Pawn and King placement, White is in a tough position.} 17. a3 (17. Bxc4 c5)
({no better is} 17. Rad1 17... c5 $1 18. g3 (18. Kc1 cxd4 19. Rxd4 (19. exd4
Qxf4+) 19... Rxd4 20. exd4 Qxf4+) 18... cxd4 19. exd4 Rxd4+ 20. Kc1) 17... Bd6
18. Rad1 (18. Bxc4 Bxf4 19. exf4 Qxf4+ 20. Ke1) 18... Bxf4 $5 { } 19. exf4
Qxf4+ 20. Ke1 Rxh4 21. Rxh4 Qxh4+ 22. Kf1 Rxd4 23. Rxd4 23... Qxd4 { Pretty muc
h forced, Black has five amazing Pawns and an exposed King for his piece!} 24.
Bf3 Ng4 25. Ke2 {probably only considering Qf2+} 25... Qe3+ (25... Qf2+ 26. Kd1
Ne3+ 27. Kc1 Qxc2#) 26. Kf1 (26. Kd1 26... Nf2+ {wins Queen}) 26... Nh2# 0-1

[Event "Kemper-Knights"]
[Site "?"]
[Date "2002.02.07"]
[Round "?"]
[White "Easton, Richard"]
[Black "Augsburger, Les"]
[Result "1-0"]
[WhiteElo "1734"]
[BlackElo "1723"]
[PlyCount "75"]
[EventDate "2002.??.??"]

1. d4 d5 2. Nf3 Nf6 3. Bg5 Nbd7 4. e3 e6 5. Bd3 Be7 6. Nbd2 c5 7. c3 b6 8. O-O
O-O 9. Ne5 Nxe5 10. dxe5 Nd7 11. Bxe7 Qxe7 12. f4 f6 13. exf6 Nxf6 14. a4 e5
15. Re1 Bb7 16. c4 Rad8 17. cxd5 Bxd5 18. e4 Bf7 19. fxe5 Qxe5 20. Nf3 Qd6 21.
Bc2 Qxd1 22. Raxd1 Rxd1 23. Bxd1 Re8 24. Ng5 h6 25. Nxf7 Kxf7 26. e5 Kg8 27.
Kf2 Nd7 28. Bb3+ Kh8 29. e6 Nf6 30. Rd1 Re7 31. Kf3 g6 32. Kf4 Kg7 33. Ke5 Ne8
34. Rf1 Rc7 35. Rf7+ Rxf7 36. exf7 Nf6 37. f8=Q+ Kxf8 38. Kxf6 1-0

[Event "Knights-Kemper"]
[Site "?"]
[Date "2002.02.07"]
[Round "?"]
[White "Karandikar, Shekhar"]
[Black "Cummuta, Phil"]
[Result "1-0"]
[WhiteElo "1573"]
[BlackElo "1486"]
[PlyCount "82"]
[EventDate "2002.??.??"]

1. d4 Nf6 2. c4 c5 3. Nf3 cxd4 4. Nxd4 g6 5. Bf4 a6 6. g3 d6 7. Nb3 Nc6 8. Bg2
Bg7 9. Nc3 Be6 10. Nd5 Na5 11. Nxa5 Qxa5+ 12. Bd2 Qc5 13. Nxf6+ Bxf6 14. Qa4+
Bd7 15. Qb3 O-O 16. Bb4 Qc8 17. Bc3 Bxc3+ 18. Qxc3 Bc6 19. e4 Qe6 20. f3 Rac8
21. h4 Qd7 22. Bh3 e6 23. O-O-O Qe7 24. Kb1 b5 25. Qa3 bxc4 26. Qxa6 Rc7 27.
Qxc4 Bxe4+ 28. Qxe4 Rb8 29. Rd2 d5 30. Qe5 Rcb7 31. Rc1 Qa3 32. Qc3 Qa6 33. Bf1
Qa7 34. Rdc2 Ra8 35. b3 d4 36. Qd3 Rb6 37. Rc8+ Rxc8 38. Rxc8+ Kg7 39. Qxd4+ f6
40. Qd8 Kh6 41. Qxf6 Qd7 1-0

[Event "Kemper-Knights"]
[Site "?"]
[Date "2002.02.07"]
[Round "?"]
[White "Olsen, Art"]
[Black "Marshall, Kevin"]
[Result "1-0"]
[WhiteElo "1585"]
[BlackElo "1328"]
[PlyCount "127"]
[EventDate "2002.??.??"]

1. d4 e6 2. e3 d5 3. Nf3 Nf6 4. Bd3 c5 5. c3 Nc6 6. O-O c4 7. Bc2 Bd6 8. Nbd2
O-O 9. e4 Nxe4 10. Nxe4 dxe4 11. Bxe4 f5 12. Bxc6 bxc6 13. Qa4 Qc7 14. Qxc4 Bd7
15. Re1 Rae8 16. Ne5 Kh8 17. Bf4 h6 18. Ng6+ Kg8 19. Bxd6 Qxd6 20. Nxf8 Rxf8
21. Re5 Rf6 22. Qc5 Qxc5 23. Rxc5 a6 24. Re1 Kf7 25. Ra5 Bc8 26. b4 Ke7 27. Re3
Kd6 28. Rg3 g6 29. f4 Bb7 30. Rh3 h5 31. Re3 Bc8 32. Kf2 Bb7 33. Kg3 Bc8 34.
Kh4 Bb7 35. Rc5 Bc8 36. Re1 Bd7 37. Kg3 Ke7 38. Ra5 Bc8 39. c4 Bb7 40. Rae5 Bc8
41. a4 Kd6 42. b5 axb5 43. cxb5 cxb5 44. axb5 Bb7 45. Rc1 Rf7 46. Rec5 Re7 47.
b6 Bd5 48. Rc7 Re8 49. Rc8 Rxc8 50. Rxc8 Kd7 51. Rc5 Be4 52. Rc3 Bd5 53. Rc2
Be4 54. Rb2 Kc8 55. Kh4 Kb7 56. Kg5 Bd5 57. Kxg6 h4 58. h3 Bc6 59. Kh5 Be8+ 60.
Kxh4 Bc6 61. Kg5 Be4 62. h4 Bc6 63. h5 Be8 64. h6 1-0

[Event "Kemper-Knights"]
[Site "?"]
[Date "2002.02.07"]
[Round "?"]
[White "McKinney, Tom"]
[Black "Phelps, Doug"]
[Result "0-1"]
[WhiteElo "1245"]
[BlackElo "1118"]
[PlyCount "118"]
[EventDate "2002.??.??"]

1. e4 c6 2. Nf3 d5 3. e5 Bf5 4. d4 e6 5. Bg5 Be7 6. Bxe7 Qxe7 7. Bd3 Bxd3 8.
Qxd3 Nd7 9. Nbd2 Rc8 10. Qb3 Rc7 11. c4 c5 12. cxd5 exd5 13. Qxd5 Ngf6 14. Qc4
O-O 15. O-O Ne8 16. Rfe1 cxd4 17. Qxd4 Qc5 18. Qxc5 Rxc5 19. e6 fxe6 20. Rxe6
Rc2 21. Re7 Nef6 22. Ne4 Nxe4 23. Rxd7 Rxb2 24. Re1 Nf6 25. Rc7 Re8 26. Rd1 Kf8
27. h3 Re7 28. Rd8+ Ne8 29. Rcd7 Rxa2 30. Rd5 Rc2 31. Rf5+ Rf7 32. Rxf7+ Kxf7
33. Rd7+ Kf6 34. Rxb7 Rc7 35. Rxc7 Nxc7 36. Kf1 a5 37. Ke1 a4 38. Kd1 a3 39.
Kc1 Nb5 40. Kb1 Nc3+ 41. Ka1 a2 42. g4 g6 43. h4 h5 44. gxh5 gxh5 45. Nd4 Ke5
46. Nc2 Kf4 47. Kb2 Ne4 48. Kxa2 Nxf2 49. Ne1 Kg3 50. Kb2 Kxh4 51. Kc2 Kg3 52.
Kd2 h4 53. Ke2 h3 54. Nf3 Ng4 55. Kf1 Kxf3 56. Kg1 Kg3 57. Kh1 Nf2+ 58. Kg1 h2+
59. Kf1 h1=Q+ 0-1

[Event "Kings-Excaliburs"]
[Site "?"]
[Date "2002.01.17"]
[Round "?"]
[White "Wallach, Cliff"]
[Black "Friske, Tom"]
[Result "1/2-1/2"]
[WhiteElo "2001"]
[BlackElo "2000"]
[PlyCount "60"]
[EventDate "2002.??.??"]

1. e4 e6 2. d4 d5 3. Nc3 Bb4 4. e5 c5 5. a3 Bxc3+ 6. bxc3 Qc7 7. Nf3 Ne7 8. Be2
b6 9. a4 O-O 10. O-O Ba6 11. Bb5 cxd4 12. cxd4 Rc8 13. Ba3 Bxb5 14. axb5 Nf5
15. c3 a6 16. bxa6 Nxa6 17. Qb1 Qd8 18. Rc1 Nb8 19. h3 Nc6 20. Qd3 Na5 21. Nd2
h6 22. Bb4 Ra7 23. Bxa5 bxa5 24. Ra4 Qb6 25. Rca1 Qb2 26. R1a3 Rac7 27. Nb1 Rb8
28. Nd2 Rbc8 29. Nb1 Rb8 30. Nd2 Rbc8 (30... Qc1+ 31. Nf1 (31. Kh2 Rb2 32. Nb3
Qe1 33. Nxa5 Rxf2 34. Ra1 Qxc3)) 1/2-1/2

[Event "UOP-Knights"]
[Site "?"]
[Date "2002.01.17"]
[Round "?"]
[White "Boldingh, Ed"]
[Black "Samelson, Chris"]
[Result "1-0"]
[WhiteElo "1923"]
[BlackElo "1923"]
[PlyCount "32"]
[EventDate "2002.??.??"]

1. e4 d6 2. d4 Nf6 3. Nc3 g6 4. Be2 Bg7 5. Be3 O-O 6. g4 e5 7. d5 c6 8. g5 Ne8
9. h4 f5 10. dxc6 Nxc6 11. Bc4+ Kh8 12. h5 f4 13. h6 Qxg5 14. hxg7+ Kxg7 15.
Nf3 Qf6 16. Nxe5 dxe5 1-0

[Event "Northrop-Excaliburs"]
[Site "?"]
[Date "2002.02.19"]
[Round "?"]
[White "Walker, Arnie"]
[Black "Friske, Tom"]
[Result "0-1"]
[WhiteElo "1794"]
[BlackElo "2000"]
[PlyCount "66"]
[EventDate "2002.??.??"]

1. c4 Nf6 2. Nc3 d5 3. cxd5 Nxd5 4. e4 Nxc3 5. bxc3 g6 6. Bc4 Bg7 7. Ne2 O-O 8.
Ba3 Nd7 9. d4 c5 10. O-O Qc7 11. dxc5 Nxc5 12. Bxc5 Qxc5 13. Qd5 Qc7 14. Bb3
Be6 15. Qg5 Bf6 16. Qe3 Bc4 17. Bxc4 Qxc4 18. e5 Bg7 19. Rfd1 Qc7 20. Rd5 (20.
e6 $1 20... fxe6 (20... f5 21. Rd7) 21. Qxe6+ Kh8 22. Rd7) 20... Rfd8 21. Rad1
Rxd5 22. Rxd5 e6 23. Qc5 23... Qb6 $1 24. Qxb6 axb6 25. Rd2 Bxe5 26. f4 Bg7 27.
Kf2 Kf8 28. g4 Ke7 29. Ke3 Ra5 30. c4 Ra3+ 31. Kf2 e5 32. fxe5 Bxe5 33. h3 $2
33... Rxh3 0-1

[Event "Excaliburs-Northrop"]
[Site "?"]
[Date "2002.02.19"]
[Round "?"]
[White "Burian, Dave"]
[Black "Weitz, Ron"]
[Result "0-1"]
[WhiteElo "1594"]
[BlackElo "1620"]
[PlyCount "76"]
[EventDate "2002.??.??"]

1. e4 c5 2. Nf3 d6 3. d4 cxd4 4. Nxd4 a6 5. Nc3 Nf6 6. Bg5 g6 7. Bxf6 exf6 8.
Bc4 Bg7 9. O-O O-O 10. a3 Nc6 11. Nf3 Be6 12. Nd5 b5 13. Bb3 a5 14. a4 b4 15.
Qd2 f5 16. exf5 Bxf5 17. Rad1 Ne5 18. Nd4 Re8 19. Nxf5 gxf5 20. Ne3 Bh6 21.
Qxd6 Qg5 22. Rd5 Nf3+ 23. Kh1 Rad8 24. Qc6 Ne5 25. Qb5 f4 26. Rxd8 Qxd8 27. Nc4
Bg7 28. Qxa5 Nxc4 29. Qxd8 Rxd8 30. Bxc4 Bxb2 31. h3 Kg7 32. Re1 Rd4 33. Bb3
Rd2 34. f3 Bf6 35. Re4 h5 36. Rxf4 Be5 37. Rxb4 Kg6 38. Rb7 Rd1# 0-1

[Event "Excaliburs-Northrop"]
[Site "?"]
[Date "2002.02.19"]
[Round "?"]
[White "Brotsos, Jim"]
[Black "Gothier, Sean"]
[Result "1-0"]
[WhiteElo "1538"]
[BlackElo "1400"]
[PlyCount "105"]
[EventDate "2002.??.??"]

1. e4 c5 2. Nf3 d6 3. d4 cxd4 4. Nxd4 Nf6 5. Nc3 g6 6. f3 Bg7 7. Be3 O-O 8. Qd2
Re8 9. O-O-O Nc6 10. Bc4 Nxd4 11. Bxd4 Qc7 12. Bb3 a6 13. h4 Nd7 14. a3 Bxd4
15. Qxd4 Nf6 16. g4 Be6 17. Bxe6 fxe6 18. h5 e5 19. Qe3 e6 20. hxg6 hxg6 21.
Qh6 Qg7 22. Rxd6 Qxh6+ 23. Rxh6 Kg7 24. Rh2 Rad8 25. Rhd2 Rxd6 26. Rxd6 Kf7 27.
Rb6 Re7 28. Na4 Ne8 29. Nc5 Ng7 30. Nxb7 Ne8 31. Nc5 Nc7 32. Nxa6 Nxa6 33. Rxa6
Rd7 34. b4 Kf6 35. a4 Kg5 36. Rxe6 Rd4 37. c3 Rd3 38. Kc2 Rxf3 39. Rxe5+ Kxg4
40. a5 Rf6 41. b5 Kf4 42. Re7 Rf8 43. c4 Rg8 44. a6 g5 45. b6 g4 46. b7 g3 47.
a7 g2 48. b8=Q+ Rxb8 49. axb8=Q+ Kf3 50. Qb3+ Ke2 51. Qd3+ Kf2 52. Rf7+ Kg1 53.
Qe3+ 1-0

[Event "Northrop-Excaliburs"]
[Site "?"]
[Date "2002.02.19"]
[Round "?"]
[White "Gardner, Mike"]
[Black "Suerth, Frank"]
[Result "0-1"]
[WhiteElo "1237"]
[BlackElo "1525"]
[PlyCount "72"]
[EventDate "2002.??.??"]

1. c4 e5 2. g3 d5 3. b3 Nf6 4. Bg2 Nc6 5. e3 Bg4 6. Ne2 Qd7 7. O-O Bh3 8. f3
O-O-O 9. Bb2 Bc5 10. d4 exd4 11. Bxh3 Qxh3 12. Nxd4 dxc4 13. Na3 c3 14. Bxc3
Bxa3 15. Qe2 Qh6 16. Nxc6 Rd6 17. Nxa7+ Kb8 18. Nb5 Ra6 19. Nxa3 Rxa3 20. Kg2
Nd5 21. Bd4 Ra6 22. f4 Qc6 23. e4 Re8 24. Qf3 Nb4 25. Rf2 f6 26. Re2 g6 27. e5
Nd5 28. exf6 Rxe2+ 29. Qxe2 Nxf4+ 30. Kf2 Qg2+ 31. Ke3 Nxe2 32. f7 Re6+ 33. Kd3
Qf3+ 34. Kc4 Qxf7 35. Re1 Nxd4 36. Rxe6 Nxe6 0-1

[Event "Excaliburs-Northrop"]
[Site "?"]
[Date "2001.10.25"]
[Round "?"]
[White "temp, Florin"]
[Black "Walker, Arnie"]
[Result "1-0"]
[WhiteElo "2270"]
[BlackElo "1767"]
[PlyCount "54"]
[EventDate "2001.??.??"]

1. d4 Nf6 2. Nf3 e6 3. Bg5 Be7 4. e3 Ne4 5. Bf4 b6 6. Bd3 Bb7 7. Nbd2 7... f5 {
A transposition to the Dutch Defense.} 8. Ne5 { } 8... Bf6 (8... Nxd2 {
No, Black doesn't win a Pawn:} 9. Qxd2 Bxg2 10. Rg1 Bb7 11. Rxg7) 9. Bxe4 fxe4
10. Qh5+ 10... g6 { } 11. Qh3 Bg7 12. Bh6 Qe7 13. O-O-O { } 13... Nc6 14. Ng4
14... d5 { The Pawn center is easily destroyed} 15. f3 exf3 16. Nxf3 Bxh6 17.
Qxh6 17... O-O-O { Black's Kingside dark squares are cronically weak and
White's Knights are exponentially stronger than Black's counterparts.} 18. h4 {
this runs his Queen out of squares, but White's other pieces will take over}
18... Qf8 19. Qxf8 Rdxf8 20. Rdf1 Rf5 21. Nh6 Rff8 22. Ng5 {
Notice White avoids trades on e5 and maintains the dark-squares.} 22... Nd8 23.
Rf3 Rxf3 24. gxf3 Kd7 25. h5 gxh5 26. Rxh5 Rf8 27. f4 { } 27... Rh8 1-0

[Event "CCDOC-Pawns"]
[Site "?"]
[Date "2002.02.20"]
[Round "?"]
[White "Williams, Kent"]
[Black "Jakstas, Kaz"]
[Result "0-1"]
[WhiteElo "2102"]
[BlackElo "2108"]
[PlyCount "44"]
[EventDate "2002.??.??"]

1. e4 g6 2. Nf3 Bg7 3. d4 d6 4. h3 c6 5. Be3 Nf6 6. Bd3 O-O 7. Qd2 Nbd7 8. Bh6
e5 9. Bxg7 Kxg7 10. dxe5 Nxe5 11. Nxe5 dxe5 12. O-O Nh5 13. Nc3 Qh4 14. Qe3 Be6
15. Ne2 Nf4 16. Rad1 Rad8 17. b3 b6 18. Kh2 Bg4 19. Kg1 Rxd3 20. cxd3 Bxe2 21.
Rd2 Bxf1 22. Kxf1 Qg5 0-1

[Event "Pawns-CCDOC"]
[Site "?"]
[Date "2002.02.20"]
[Round "?"]
[White "Ellice, Wayne"]
[Black "Seaton, Ed"]
[Result "1/2-1/2"]
[WhiteElo "1902"]
[BlackElo "1657"]
[PlyCount "109"]
[EventDate "2002.??.??"]

1. Nf3 d6 2. d4 Nf6 3. Bf4 Nc6 4. Nbd2 Ng4 5. h3 e5 6. Bg3 Nh6 7. dxe5 dxe5 8.
Nxe5 Nd4 9. c3 Ndf5 10. Bh2 Bd6 11. Qa4+ Bd7 12. Nxd7 Qxd7 13. Qe4+ Ne7 14.
Qxb7 O-O 15. Bxd6 Qxd6 16. Nc4 Qc5 17. Qb4 Qg5 18. Qa5 Nd5 19. Ne3 Rfd8 20. Rc1
Nf5 21. h4 Qh6 22. Rd1 Nfxe3 23. fxe3 Nxe3 24. Rxd8+ Rxd8 25. Qg5 Qxg5 26. hxg5
Rd1+ 27. Kf2 Nc4 28. b3 Ne5 29. Rh4 g6 30. Rd4 Rc1 31. Re4 Nc6 32. Re3 Rc2 33.
a3 Na5 34. c4 Rb2 35. b4 Nxc4 36. Rc3 Nd6 37. Rxc7 Nb5 38. Rb7 Nxa3 39. Rxa7
Nc4 40. Rb7 Na5 41. Rb8+ Kg7 42. b5 Nc6 43. Rb6 Na7 44. Kg3 Rxb5 45. Rxb5 Nxb5
46. e3 Nc3 47. Bd3 h6 48. gxh6+ Kxh6 49. Kf3 Kg5 50. e4 f6 51. g3 Na4 52. Ba6
Nc5 53. Bc8 Nd3 54. Kg2 Ne5 55. Be6 1/2-1/2

[Event "CCDOC-Pawns"]
[Site "?"]
[Date "2002.02.20"]
[Round "?"]
[White "Alexander, W."]
[Black "Fabijonas, R."]
[Result "1/2-1/2"]
[WhiteElo "1716"]
[BlackElo "1682"]
[PlyCount "95"]
[EventDate "2002.??.??"]

1. d4 Nf6 2. c4 d6 3. Nc3 g6 4. Nf3 Bg7 5. e3 O-O 6. h3 c5 7. Be2 cxd4 8. exd4
b6 9. O-O Bb7 10. Re1 Nbd7 11. Bf1 Rc8 12. Be3 d5 13. b3 dxc4 14. bxc4 Ba6 15.
Qa4 Nb8 16. Rac1 Qd7 17. Qb3 Nc6 18. Nb5 Na5 19. Qb1 Ne8 20. Qb4 Nc7 21. a4 Ne6
22. d5 Nc5 23. Bd4 Bxd4 24. Nfxd4 Rce8 25. Rcd1 Bc8 26. Re3 Na6 27. Qa3 Nc5 28.
Qa1 Rd8 29. Rde1 Rfe8 30. Qd1 e6 31. Qe2 Kf8 32. dxe6 Nxe6 33. Nxe6+ Rxe6 34.
Rxe6 Qxe6 35. Qxe6 Bxe6 36. Nxa7 Nxc4 37. Bxc4 Bxc4 38. Nc6 Ra8 39. Rb1 Bd5 40.
Rxb6 Bxc6 41. Rxc6 Rxa4 42. Kh2 Ra3 43. Rd6 Rc3 44. h4 Ke7 45. Rb6 Rd3 46. Rc6
f6 47. g3 Rd2 48. Kg2 1/2-1/2

[Event "Pawns-CCDOC"]
[Site "?"]
[Date "2002.02.20"]
[Round "?"]
[White "O'Dell, David"]
[Black "Rojo, Vic"]
[Result "0-1"]
[WhiteElo "1502"]
[BlackElo "1486"]
[PlyCount "108"]
[EventDate "2002.??.??"]

1. e4 e5 2. Nf3 Nc6 3. Bc4 Bc5 4. c3 d6 5. d4 exd4 6. cxd4 Bb4+ 7. Bd2 Bxd2+ 8.
Qxd2 h6 9. Qf4 Qf6 10. Qe3 Nge7 11. O-O O-O 12. a3 a6 13. h3 b5 14. Bb3 Bb7 15.
Nbd2 Ng6 16. Rac1 Rac8 17. Bd5 Na5 18. Bxb7 Nxb7 19. e5 Qf4 20. Qc3 dxe5 21.
dxe5 Nd8 22. g3 Qf5 23. Rfe1 Re8 24. Re4 Qe6 25. Nb3 Qb6 26. Nbd4 c5 27. Nf5
Nb7 28. Rd1 Rcd8 29. Rd2 Rxd2 30. Nxd2 Rd8 31. Qe3 Qe6 32. g4 Qd5 33. Nf3 Qd1+
34. Kg2 Rd3 35. Qe1 Qxf3+ 36. Kg1 Rd1 37. Qxd1 Qxd1+ 38. Kg2 Qd3 39. f3 Qd2+
40. Kg3 Qxb2 41. e6 fxe6 42. Rxe6 Qxa3 43. Rxg6 Qc3 44. Rxa6 Qe5+ 45. Kh4 b4
46. Rb6 Na5 47. Rb5 Nb3 48. Rb7 Nd4 49. Ne7+ Kh7 50. Nf5 Nxf5+ 51. gxf5 Qxf5
52. Kg3 h5 53. Rb6 Qd5 54. Kh4 b3 0-1

[Event "CCDOC-Pawns"]
[Site "?"]
[Date "2002.02.20"]
[Round "?"]
[White "Hall, A."]
[Black "Mikulecky, B."]
[Result "0-1"]
[WhiteElo "1447"]
[BlackElo "1496"]
[PlyCount "104"]
[EventDate "2002.??.??"]

1. f4 d6 2. d4 Bf5 3. Nf3 h6 4. e3 Nc6 5. a3 Nf6 6. Nc3 e6 7. Bb5 Qd7 8. O-O a6
9. Be2 Be7 10. b4 b5 11. Ne1 Rd8 12. a4 Nxb4 13. axb5 Ne4 14. Nxe4 Bxe4 15. c3
Nd5 16. bxa6 O-O 17. Qd2 Qc6 18. c4 Nf6 19. Nf3 Ra8 20. Qa5 Ra7 21. Rf2 Rfa8
22. c5 dxc5 23. Ne5 Qd5 24. Bc4 Qd6 25. Qd2 Nd7 26. dxc5 Qxd2 27. Bxd2 Nxe5 28.
fxe5 Bxc5 29. Rf4 Bb7 30. Kf2 Bxa6 31. Bxa6 Rxa6 32. Rxa6 Rxa6 33. Bb4 Bxb4 34.
Rxb4 Ra8 35. Rc4 Rc8 36. Ke2 Kf8 37. g4 g5 38. Kd3 c5 39. Kc3 Ke7 40. Kb3 Rb8+
41. Ka4 Rb2 42. h3 Rh2 43. Rxc5 Rxh3 44. Rc3 Rg3 45. Rc7+ Kf8 46. Rc4 Rxe3 47.
Kb5 Rxe5+ 48. Kc6 Ra5 49. Re4 Kg7 50. Re3 Kg6 51. Re4 h5 52. gxh5+ Kxh5 0-1

[Event "CCDOC"]
[Site "?"]
[Date "2002.02.20"]
[Round "?"]
[White "McGee, L."]
[Black "Appleberry, Terry"]
[Result "0-1"]
[WhiteElo "1066"]
[BlackElo "1440"]
[PlyCount "30"]
[EventDate "2002.??.??"]

1. d4 d5 2. c3 Nf6 3. Nf3 Nc6 4. Bg5 Ne4 5. Qc2 h6 6. Bf4 Bf5 7. Rg1 Nd6 8. Qb3
e6 9. Nh4 Qxh4 10. Bxd6 Bxd6 11. Qxb7 Kd7 12. e3 Qxh2 13. Bb5 Qxg1+ 14. Ke2
Bg4+ 15. Kd2 Qd1# 0-1

[Event "Chargers-CCDOC"]
[Site "?"]
[Date "2002.03.26"]
[Round "?"]
[White "Dobrovolny, Chuck"]
[Black "Seaton, Ed"]
[Result "1-0"]
[WhiteElo "1838"]
[BlackElo "1667"]
[PlyCount "95"]
[EventDate "2002.??.??"]

1. e4 b6 2. d4 e6 3. Bd3 Nc6 4. c3 d6 5. Nf3 e5 6. Bb5 Bd7 7. Qa4 Nge7 8. d5
Nb8 9. O-O Bxb5 10. Qxb5+ Nd7 11. c4 a6 12. Qa4 Nc8 13. Nc3 Be7 14. Be3 O-O 15.
b4 a5 16. a3 Nf6 17. h3 Nh5 18. Qc2 Nf4 19. Bxf4 exf4 20. Ne2 Bg5 21. Qd2 Qf6
22. Nxg5 Qxg5 23. Qxf4 Qxf4 24. Nxf4 Re8 25. f3 g6 26. g3 Ne7 27. Kg2 c6 28.
dxc6 Nxc6 29. Nd5 axb4 30. Nf6+ Kf8 31. Nxe8 Kxe8 32. axb4 Rxa1 33. Rxa1 Nxb4
34. Rb1 Nc2 35. Rxb6 Ne3+ 36. Kf2 Nxc4 37. Rc6 Ne5 38. Rxd6 Ke7 39. Ra6 Nc4 40.
Ke2 Nd6 41. Kd3 Ke6 42. f4 f6 43. Kd4 Ke7 44. Ra7+ Kf8 45. Rxh7 Nf7 46. Kd5 Kg8
47. Rxf7 Kxf7 48. Kd6 1-0

[Event "CCDOC-Chargers"]
[Site "?"]
[Date "2002.03.26"]
[Round "?"]
[White "Alexander"]
[Black "Radavicius"]
[Result "1-0"]
[WhiteElo "1706"]
[BlackElo "1612"]
[PlyCount "64"]
[EventDate "2002.??.??"]

1. d4 d5 2. Nf3 Nc6 3. c4 dxc4 4. e4 e6 5. Bxc4 Bb4+ 6. Nc3 Nf6 7. Bg5 O-O 8.
Bxf6 Qxf6 9. O-O Ne7 10. Ne2 Ba5 11. Qc2 Bb6 12. Rfd1 Rd8 13. Qc3 Ba5 14. Qc2
a6 15. a3 Bb6 16. Qc3 Ba7 17. Rac1 b5 18. Ba2 Bb7 19. d5 Qxc3 20. Rxc3 Rd7 21.
Rdc1 Rad8 22. dxe6 Rd1+ 23. Ne1 Bc8 24. Rxd1 Rxd1 25. Kf1 Rd2 26. Rc2 Rd1 27.
Bb3 Rd8 28. Rc1 Rd2 29. Rd1 Rxd1 30. Bxd1 Kh8 31. Nc3 fxe6 32. f4 32... a5 {
White won move 50} 1-0

[Event "Chargers-CCDOC"]
[Site "?"]
[Date "2002.03.26"]
[Round "?"]
[White "Thomas, Jerry"]
[Black "Hall, A."]
[Result "1-0"]
[WhiteElo "1516"]
[BlackElo "1423"]
[PlyCount "105"]
[EventDate "2002.??.??"]

1. e4 e5 2. Nf3 d5 3. exd5 e4 4. Qe2 Qxd5 5. Nc3 Qf5 6. Qxe4+ Qxe4+ 7. Nxe4 Nc6
8. Bb5 Bf5 9. d3 a6 10. Ba4 b5 11. Bb3 Na5 12. O-O Bxe4 13. dxe4 Bc5 14. Bf4
Bb6 15. Rad1 Nxb3 16. axb3 Ne7 17. e5 O-O 18. Rd7 Ng6 19. Bg3 c5 20. Rb7 Rab8
21. Rd7 Rbc8 22. Rd6 Rb8 23. Rfd1 Rfd8 24. Kf1 Bc7 25. Rxd8+ Rxd8 26. Rxd8+
Bxd8 27. Ke2 Kf8 28. Ke3 Ne7 29. Ke4 Bc7 30. c4 bxc4 31. bxc4 a5 32. b3 h6 33.
Ne1 Ke8 34. Nd3 Bb6 35. f4 g6 36. Bf2 Kd7 37. Bxc5 Bxc5 38. Nxc5+ Kc6 39. Nd3
Nf5 40. g4 Ng7 41. h4 Ne8 42. f5 gxf5+ 43. gxf5 Ng7 44. Kf4 Nh5+ 45. Kg4 Ng7
46. f6 Ne6 47. Kh5 Nd4 48. Nc1 Kd7 49. Kxh6 Ke6 50. Kg5 Kxe5 51. Nd3+ Ke4 52.
Nc5+ Ke5 53. Nd7+ 1-0

[Event "Kemper-Kings"]
[Site "?"]
[Date "2001.??.??"]
[Round "?"]
[White "Olsen, Art"]
[Black "Gryparis, John"]
[Result "1-0"]
[WhiteElo "1574"]
[BlackElo "1497"]
[PlyCount "88"]
[EventDate "2001.??.??"]

1. d4 d5 2. c4 dxc4 3. e3 b5 4. Nc3 c6 5. Nf3 e6 6. g3 Bb7 7. Bg2 Bb4 8. O-O
Nf6 9. Ne5 O-O 10. Nxb5 Nd5 11. Na3 Bxa3 12. bxa3 f6 13. Nxc4 Ba6 14. Qc2 Nd7
15. Rd1 N7b6 16. Na5 Qd7 17. Qxc6 Rfc8 18. Qxd7 Nxd7 19. Nb3 Rab8 20. Bd2 Bc4
21. Rac1 N7b6 22. Nc5 Rc6 23. e4 Ne7 24. e5 Ned5 25. exf6 gxf6 26. Ne4 Kf7 27.
a4 Nxa4 28. Rxc4 Rxc4 29. Nd6+ Ke7 30. Nxc4 Nb2 31. Rb1 Nxc4 32. Rxb8 Nxd2 33.
Bxd5 exd5 34. Rb7+ Ke6 35. Kg2 a5 36. Rxh7 Nc4 37. g4 Nd6 38. Rh6 Ne4 39. h4
Kf7 40. Rh7+ Kg6 41. Ra7 a4 42. Rxa4 Nc3 43. Ra5 Kh6 44. Ra6 Kg7 1-0

[Event "Kings-Kemper"]
[Site "?"]
[Date "2001.??.??"]
[Round "?"]
[White "Rabinovich"]
[Black "Lambiris"]
[Result "0-1"]
[WhiteElo "1306"]
[BlackElo "1453"]
[PlyCount "108"]
[EventDate "2001.??.??"]

1. e4 e5 2. Nf3 Nc6 3. Bb5 Nge7 4. O-O d6 5. Nc3 a6 6. Bc4 b5 7. Bb3 Na5 8. d3
Nxb3 9. axb3 Bb7 10. Bg5 Qd7 11. Ne2 Ng6 12. c4 f6 13. Be3 Be7 14. Nh4 Nxh4 15.
Ng3 O-O 16. Qh5 f5 17. exf5 Nxf5 18. Qg4 Bc8 19. Nxf5 Qxf5 20. Qxf5 Bxf5 21.
Rfd1 Be6 22. Kf1 d5 23. cxd5 Bxd5 24. Rac1 Rac8 25. Bc5 Bxb3 26. Bxe7 Bxd1 27.
Bxf8 Kxf8 28. Rxd1 Kf7 29. Rc1 c5 30. Ke2 Ke6 31. b4 Kd5 32. Ke3 Rc6 33. Rb1
cxb4 34. Rxb4 Rb6 35. Kd2 a5 36. Re4 Rc6 37. f4 exf4 38. Rxf4 g6 39. Rf7 h5 40.
Rb7 b4 41. Rb5+ Rc5 42. Rb6 g5 43. Rg6 Kd4 44. Rd6+ Rd5 45. Rb6 Kc5 46. Ra6 Kb5
47. Ra8 Ka4 48. Rb8 Kb3 49. Rc8 a4 50. Rc1 a3 51. Rb1+ Ka4 52. Rc1 a2 53. Ra1
Ka3 54. Kc2 b3+ 0-1